Central Library OPAC University of Rajshahi

The American stage / (Record no. 28329)

MARC details
000 -LEADER
fixed length control field 01178cam a22003131 4500
001 - CONTROL NUMBER
control field 28329
003 - CONTROL NUMBER IDENTIFIER
rucl marc code BD-RjUL
005 - DATE AND TIME OF LATEST TRANSACTION
control field 20211209051252.0
008 - FIXED-LENGTH DATA ELEMENTS--GENERAL INFORMATION
fixed length control field 140330s1929 ctuach 001 0 eng
035 ## - SYSTEM CONTROL NUMBER
System control number (BD-RjUL)28410
040 ## - CATALOGING SOURCE
Original cataloging agency DLC
Transcribing agency DLC
Modifying agency DLC
-- BD-RjUL
Language of cataloging eng
041 ## - LANGUAGE CODE
Language code of text/sound track or separate title eng
082 ## - DEWEY DECIMAL CLASSIFICATION NUMBER
Classification number 973
Author mark and year COA 1929
100 1# - MAIN ENTRY--PERSONAL NAME
Personal name Coad, Oral Sumner.
Dates associated with a name 1887-1976.
9 (RLIN) 86761
245 14 - TITLE STATEMENT
Title The American stage /
Statement of responsibility, etc. by Oral Sumner Coad [and] Edwin Mims, jr.
260 ## - PUBLICATION, DISTRIBUTION, ETC. (IMPRINT)
Place of publication, distribution, etc. New Haven :
Name of publisher, distributor, etc. Yale university press; [etc., etc.]
Date of publication, distribution, etc. 1929.
300 ## - PHYSICAL DESCRIPTION
Pagination 362 p. :
Illustrations l., 362 p. col. front., illus. (incl. ports., facsims.) ;
Size 26 cm.
490 0# - SERIES STATEMENT
Series statement The Pageant of America. [Vol. XIV]
500 ## - GENERAL NOTE
General note "Liberty bell edition."
General note "The Liberty bell edition of 'The pageant of America,' the first to be printed, is limited to 1,500 impressions on paper expressly made for the work." This copy not numbered.
504 ## - BIBLIOGRAPHY, ETC. NOTE
Bibliography, etc Includes Index.
650 #0 - SUBJECT ADDED ENTRY--TOPICAL TERM
Topical term or geographic name as entry element Theater
Geographic subdivision United States
General subdivision History.
9 (RLIN) 86762
Topical term or geographic name as entry element Actors.
9 (RLIN) 86763
Topical term or geographic name as entry element Actresses.
9 (RLIN) 50398
700 1# - ADDED ENTRY--PERSONAL NAME
Personal name Mims, Edwin,
Dates associated with a name 1900-
Relator term joint author.
942 ## - ADDED ENTRY ELEMENTS (KOHA)
Source of classification or shelving scheme Dewey Decimal Classification
Koha item type Books
Holdings
Lost status Source of classification or shelving scheme Damaged status Not for loan Collection code Permanent Location Current Location Shelving location Date acquired Source of acquisition Cost, normal purchase price Total Checkouts Full call number Date last seen Copy number Koha item type
  Dewey Decimal Classification   Added to bundle Non-fiction Central Library, University of Rajshahi Central Library, University of Rajshahi Reading Room 25/02/1958 U.S.I.S Gift 0.00   973 COA 1929 30/03/2014 C-1 Books